Normal view MARC view

Entry Nombre personal

Number of records used in: 1

001 - NÚMERO DE CONTROL

  • campo de control: 26210

003 - IDENTIFICADOR DEL NÚMERO DE CONTROL

  • campo de control: OSt

005 - FECHA Y HORA DE LA ÚLTIMA TRANSACCIÓN

  • campo de control: 20251020145422.0

008 - DATOS DE LONGITUD FIJA

  • campo de control de longitud fija: 251020|| aca||aabn | a|a d

040 ## - FUENTE DE LA CATALOGACIÓN

  • Centro catalogador/agencia de origen: OSt

100 ## - ENCABEZAMIENTO-NOMBRE DE PERSONA

  • Nombre de persona: Greene, Mark
  • Fechas asociadas al nombre: 1963-
  • Subdivisión general: Homes and haunts
  • Subdivisión geográfica: Madird (Spain)

Powered by Koha